[Event "Torino SST Junior-Senior (giallo)"]
[Site "Torino"]
[Date "2011.12.15"]
[Round "3"]
[White "Gallo, Ivan"]
[Black "Brugnoli, Flavio"]
[Result "0-1"]
[WhiteElo "1690"]
[BlackElo "1890"]
[PlyCount "70"]
[EventDate "2011.10.20"]
[EventType "schev"]
[EventRounds "8"]
[EventCountry "ITA"]
[SourceTitle "EXT 2018"]
[Source "ChessBase"]
[SourceDate "2017.10.13"]
[SourceVersion "1"]
[SourceVersionDate "2017.10.13"]
[SourceQuality "1"]

1. e4 c5 2. Nf3 e6 3. c3 Nf6 4. e5 Nd5 5. d4 cxd4 6. cxd4 Nc6 7. Nc3 Nxc3 8. bxc3 d6 9. Bb5 Be7 10. Ba3 0-0 11. Bxc6 bxc6 12. exd6 Bxd6 13. Bxd6 Qxd6 14. Ne5 Ba6 15. f4 f6 16. Nf3 Qxf4 17. Kf2 Rab8 18. Re1 Rb2+ 19. Kg1 Qg4 20. g3 Qh3 21. Nd2 c5 22. Qc1 Rfb8 23. dxc5 Qf5 24. Ne4 Bd3 25. Qf4 Bxe4 26. Rxe4 Qh3 27. Qf3 Qxh2+ 28. Kf1 Qh3+ 29. Kg1 Qh2+ 30. Kf1 Rxa2 31. Rae1 Rbb2 32. R4e2 Qh3+ 33. Kg1 Rxe2 34. Rxe2 Ra1+ 35. Kf2 Rf1+ 0-1

[Event "Torino op 37th"]
[Site "Torino"]
[Date "2011.10.29"]
[Round "1"]
[White "Tondo, Stefano"]
[Black "Brugnoli, Flavio"]
[Result "0-1"]
[WhiteElo "1502"]
[BlackElo "1890"]
[PlyCount "44"]
[EventDate "2011.10.29"]
[EventType "swiss"]
[EventRounds "6"]
[EventCountry "ITA"]
[SourceTitle "EXT 2018"]
[Source "ChessBase"]
[SourceDate "2017.10.13"]
[SourceVersion "1"]
[SourceVersionDate "2017.10.13"]
[SourceQuality "1"]

1. e4 g6 2. d4 Bg7 3. Nf3 d6 4. Bc4 e6 5. Bg5 Ne7 6. Nc3 Nd7 7. Qd2 h6 8. Be3 a6 9. a3 b5 10. Ba2 Bb7 11. 0-0-0 Nf6 12. d5 e5 13. h3 Qd7 14. g4 a5 15. Bb1 b4 16. axb4 axb4 17. Na2 Ra4 18. b3 Nxe4 19. Qd3 Rxa2 20. Bxa2 Nc3 21. Qc4 Nexd5 22. Rxd5 Bxd5 0-1

[Event "Turin Epifania op 36th"]
[Site "Turin"]
[Date "2011.01.09"]
[Round "7"]
[White "Brugnoli, Flavio"]
[Black "Di Chiara, Mauro"]
[Result "1-0"]
[WhiteElo "2038"]
[BlackElo "1952"]
[PlyCount "81"]
[EventDate "2011.01.05"]
[EventType "swiss"]
[EventRounds "7"]
[EventCountry "ITA"]
[SourceTitle "EXT 2012"]
[Source "ChessBase"]
[SourceDate "2011.11.24"]
[SourceVersion "1"]
[SourceVersionDate "2011.11.24"]
[SourceQuality "1"]

1. e4 g6 2. d4 Bg7 3. Nc3 d6 4. g3 Nf6 5. Bg2 0-0 6. Nge2 Nc6 7. h3 e5 8. Be3 Re8 9. 0-0 exd4 10. Nxd4 Bd7 11. a4 Nxd4 12. Bxd4 Bc6 13. Qd3 a5 14. f4 Nd7 15. Bxg7 Kxg7 16. Rad1 Nc5 17. Qd4+ Kg8 18. e5 Ne6 19. Qc4 Bxg2 20. Kxg2 Ra6 21. Ne4 Rc6 22. Nf6+ Kh8 23. Qe2 Qxf6 24. exf6 Nxf4+ 25. Rxf4 Rxe2+ 26. Kf3 Rcxc2 27. Kg4 Rxb2 28. Rc1 c6 29. Rd4 d5 30. Kg5 Re5+ 31. Kg4 Re4+ 32. Rxe4 dxe4 33. Rd1 h5+ 34. Kg5 e3 35. Rd7 Rd2 36. Rxf7 e2 37. Kxg6 Rd8 38. Rh7+ Kg8 39. f7+ Kf8 40. Rh8+ Ke7 41. Rxd8 1-0